ბათუმის შოთა რუსთაველის სახელმწიფო უნივერსიტეტის ბიბლიოთეკა

საქართველოში გავრცელებული Ralstonia - ს გვარის ფიტოპათოგენური ბაქტერიების ბიომრავალფეროვნება და პათოგენური პოტენციალი / (ბიბ.ჩანაწერი № 52493)

000 -ლიდერი
ფიქსირებული სიგრძის საკონტროლო ველი 02142nam a2200253Ia 4500
001 - საკონტროლო ნომერი
საკონტროლო ველი 19516
003 - საკონტროლო ნომრის იდენტიფიკატორი
საკონტროლო ველი GE_BSU
005 - ბოლო ოპერაციის თარიღი და დრო
საკონტროლო ველი 20210508135450.0
008 - ფიქსირებული სიგრძის მონაცემთა ელემენტები - ზოგადი ინფორმაცია
ფიქსირებული სიგრძის საკონტროლო ველი 181216s2016||||ge |||||||||||||| ||geo||
040 ## - კატალოგიზაციის წყარო
Transcribing agency GE_BSU
041 ## - ენის კოდი
Language code of text/sound track or separate title geo
080 ## - უნივერსალური ათობითი კლასიფიკაციის ინდექსი
Universal Decimal Classification number 57 მ-91
100 ## - მთავარი ჩანაწერი - პიროვნების სახელი
Personal name მურადაშვილი, მაკა
9 (RLIN) 11759
245 ## - ცნობა სათაურის შესახებ
Title საქართველოში გავრცელებული Ralstonia - ს გვარის ფიტოპათოგენური ბაქტერიების ბიომრავალფეროვნება და პათოგენური პოტენციალი /
Statement of responsibility, etc მაკა მურადაშვილი ; სამეცნიერო ხელმძღვანელი მარინა თედიაშვილი, გალინა მფარიშვილი; ბათუმის შოთა რუსთაველის სახელმწიფო უნივერსიტესაბუნებისმეტყველო მეცნიერებათა და ჯანდაცვის ფაკულტეტი ბიოლოგიის დეპარტამენტი.ტი.
264 ## - წარმოების, გამოცემის, დისტრიბუციის და სხვა ცნობები
გამოცემის, წარმოების, დისტრიბუციის... ადგილი ბათუმი,
გამოცემის, წარმოების, დისტრიბუციის... თარიღი 2016.
300 ## - ფიზიკური აღწერა
Extent 173 გვ.:
Other physical details ცხრ,
Dimensions 30 სმ.
653 ## - INDEX TERM--UNCONTROLLED
Uncontrolled term ბიოლოგია
653 ## - INDEX TERM--UNCONTROLLED
Uncontrolled term დისერტაცია
653 ## - INDEX TERM--UNCONTROLLED
Uncontrolled term მიკრობიოლოგია
700 ## - ADDED ENTRY--PERSONAL NAME
Personal name თედიაშვილი, მარინე
Relator term სამეცნიერო ხელმძღვანელი
9 (RLIN) 10718
700 ## - ADDED ENTRY--PERSONAL NAME
Personal name მეფარიშვილი, გალინა
Relator term სამეცნიერო ხელმძღვანელი
9 (RLIN) 9855
710 ## - ADDED ENTRY--CORPORATE NAME
Corporate name or jurisdiction name as entry element ბათუმის შოთა რუსთაველის სახელმწიფო უნივერსიტეტი
Subordinate unit საბუნებისმეტყველო მეცნიერებათა და ჯანდაცვის ფაკულტეტი ბიოლოგიის დეპარტამენტი
9 (RLIN) 10400
942 ## - ADDED ENTRY ELEMENTS (KOHA)
Koha item type წიგნი
Source of classification or shelving scheme
ეგზემპლარები
ჩამოწერის სტატუსი დაკარგული ეგზემპლარის სტატუსი კლასიფიკაციის წყარო ან თაროზე გაწყობის სქემა დაზიანების სტატუსი არ გაიცემა მუდმივი მდებარეობა (დაცვის ადგილი) ამჟამინდელი ადგილსამყოფელი თაროზე განთავსების ადგილი შეძენის თარიღი სრული შენახვის შიფრი შტრიხკოდი ბოლო ოპერაციის თარიღი ეგზემპლარის მიმდევრობითი ნომერი (კეტერი?) ფასის ძალაში შესვლის თარიღი ეგზემპლარის სახეობა საჯარო შენიშვნა
        შიდა ფონდი ბათუმის შოთა რუსთაველის სახელმწიფო უნივერსიტეტის მთავარი ბიბლიოთეკა ბათუმის შოთა რუსთაველის სახელმწიფო უნივერსიტეტის მთავარი ბიბლიოთეკა წიგნსაცავი 2018-12-17 57 მ-91 264 დისერტ. 2018-12-17 264 2018-12-17 დისერტაცია